<?xml version="1.0" encoding="UTF-8"?>
<record
    xmlns:xsi="http://www.w3.org/2001/XMLSchema-instance"
    xsi:schemaLocation="http://www.loc.gov/MARC21/slim http://www.loc.gov/standards/marcxml/schema/MARC21slim.xsd"
    xmlns="http://www.loc.gov/MARC21/slim">

  <leader>00264nam a22001337a 4500</leader>
  <controlfield tag="003">SGT</controlfield>
  <datafield tag="082" ind1=" " ind2=" ">
    <subfield code="b">Y10G</subfield>
  </datafield>
  <datafield tag="100" ind1=" " ind2=" ">
    <subfield code="a">GUPTA RAMESH </subfield>
  </datafield>
  <datafield tag="245" ind1=" " ind2=" ">
    <subfield code="a">YOG SHIKSHAK PRISHIKSHAN  </subfield>
  </datafield>
  <datafield tag="250" ind1=" " ind2=" ">
    <subfield code="a">1ST</subfield>
  </datafield>
  <datafield tag="260" ind1=" " ind2=" ">
    <subfield code="b">INDIAN PUB. </subfield>
    <subfield code="c">2010</subfield>
  </datafield>
  <datafield tag="300" ind1=" " ind2=" ">
    <subfield code="a">203</subfield>
  </datafield>
  <datafield tag="942" ind1=" " ind2=" ">
    <subfield code="2">ddc</subfield>
    <subfield code="c">BK</subfield>
  </datafield>
  <datafield tag="952" ind1=" " ind2=" ">
    <subfield code="0">0</subfield>
    <subfield code="1">0</subfield>
    <subfield code="2">ddc</subfield>
    <subfield code="4">0</subfield>
    <subfield code="7">0</subfield>
    <subfield code="8">FE</subfield>
    <subfield code="a">FE</subfield>
    <subfield code="b">FE</subfield>
    <subfield code="c">TXT</subfield>
    <subfield code="d">2018-07-07</subfield>
    <subfield code="i">SGTU</subfield>
    <subfield code="o">Y10G</subfield>
    <subfield code="p">ED3951</subfield>
    <subfield code="r">2018-07-07 00:00:00</subfield>
    <subfield code="w">2018-07-07</subfield>
    <subfield code="y">BK</subfield>
  </datafield>
  <datafield tag="952" ind1=" " ind2=" ">
    <subfield code="0">0</subfield>
    <subfield code="1">0</subfield>
    <subfield code="2">ddc</subfield>
    <subfield code="4">0</subfield>
    <subfield code="7">0</subfield>
    <subfield code="8">FE</subfield>
    <subfield code="a">FE</subfield>
    <subfield code="b">FE</subfield>
    <subfield code="c">TXT</subfield>
    <subfield code="d">2018-07-07</subfield>
    <subfield code="i">SGTU</subfield>
    <subfield code="o">Y10G</subfield>
    <subfield code="p">ED3952</subfield>
    <subfield code="r">2018-07-07 00:00:00</subfield>
    <subfield code="w">2018-07-07</subfield>
    <subfield code="y">BK</subfield>
  </datafield>
  <datafield tag="952" ind1=" " ind2=" ">
    <subfield code="0">0</subfield>
    <subfield code="1">0</subfield>
    <subfield code="2">ddc</subfield>
    <subfield code="4">0</subfield>
    <subfield code="7">0</subfield>
    <subfield code="8">FE</subfield>
    <subfield code="a">FE</subfield>
    <subfield code="b">FE</subfield>
    <subfield code="c">TXT</subfield>
    <subfield code="d">2018-07-07</subfield>
    <subfield code="i">SGTU</subfield>
    <subfield code="o">Y10G</subfield>
    <subfield code="p">ED3953</subfield>
    <subfield code="r">2018-07-07 00:00:00</subfield>
    <subfield code="w">2018-07-07</subfield>
    <subfield code="y">BK</subfield>
  </datafield>
  <datafield tag="952" ind1=" " ind2=" ">
    <subfield code="0">0</subfield>
    <subfield code="1">0</subfield>
    <subfield code="2">ddc</subfield>
    <subfield code="4">0</subfield>
    <subfield code="7">0</subfield>
    <subfield code="8">FE</subfield>
    <subfield code="a">FE</subfield>
    <subfield code="b">FE</subfield>
    <subfield code="c">TXT</subfield>
    <subfield code="d">2018-07-07</subfield>
    <subfield code="i">SGTU</subfield>
    <subfield code="o">Y10G</subfield>
    <subfield code="p">ED3954</subfield>
    <subfield code="r">2018-07-07 00:00:00</subfield>
    <subfield code="w">2018-07-07</subfield>
    <subfield code="y">BK</subfield>
  </datafield>
  <datafield tag="952" ind1=" " ind2=" ">
    <subfield code="0">0</subfield>
    <subfield code="1">0</subfield>
    <subfield code="2">ddc</subfield>
    <subfield code="4">0</subfield>
    <subfield code="7">0</subfield>
    <subfield code="8">FE</subfield>
    <subfield code="a">FE</subfield>
    <subfield code="b">FE</subfield>
    <subfield code="c">TXT</subfield>
    <subfield code="d">2018-07-07</subfield>
    <subfield code="i">SGTU</subfield>
    <subfield code="o">Y10G</subfield>
    <subfield code="p">ED3955</subfield>
    <subfield code="r">2018-07-07 00:00:00</subfield>
    <subfield code="w">2018-07-07</subfield>
    <subfield code="y">BK</subfield>
  </datafield>
  <datafield tag="952" ind1=" " ind2=" ">
    <subfield code="0">0</subfield>
    <subfield code="1">0</subfield>
    <subfield code="2">ddc</subfield>
    <subfield code="4">0</subfield>
    <subfield code="7">0</subfield>
    <subfield code="8">FE</subfield>
    <subfield code="a">FE</subfield>
    <subfield code="b">FE</subfield>
    <subfield code="c">TXT</subfield>
    <subfield code="d">2018-07-07</subfield>
    <subfield code="i">SGTU</subfield>
    <subfield code="o">Y10G</subfield>
    <subfield code="p">ED3956</subfield>
    <subfield code="r">2018-07-07 00:00:00</subfield>
    <subfield code="w">2018-07-07</subfield>
    <subfield code="y">BK</subfield>
  </datafield>
  <datafield tag="952" ind1=" " ind2=" ">
    <subfield code="0">0</subfield>
    <subfield code="1">0</subfield>
    <subfield code="2">ddc</subfield>
    <subfield code="4">0</subfield>
    <subfield code="7">0</subfield>
    <subfield code="8">FE</subfield>
    <subfield code="a">FE</subfield>
    <subfield code="b">FE</subfield>
    <subfield code="c">TXT</subfield>
    <subfield code="d">2018-07-07</subfield>
    <subfield code="i">SGTU</subfield>
    <subfield code="o">Y10G</subfield>
    <subfield code="p">ED3957</subfield>
    <subfield code="r">2018-07-07 00:00:00</subfield>
    <subfield code="w">2018-07-07</subfield>
    <subfield code="y">BK</subfield>
  </datafield>
  <datafield tag="952" ind1=" " ind2=" ">
    <subfield code="0">0</subfield>
    <subfield code="1">0</subfield>
    <subfield code="2">ddc</subfield>
    <subfield code="4">0</subfield>
    <subfield code="7">0</subfield>
    <subfield code="8">FE</subfield>
    <subfield code="a">FE</subfield>
    <subfield code="b">FE</subfield>
    <subfield code="c">TXT</subfield>
    <subfield code="d">2018-07-07</subfield>
    <subfield code="i">SGTU</subfield>
    <subfield code="o">Y10G</subfield>
    <subfield code="p">ED3958</subfield>
    <subfield code="r">2018-07-07 00:00:00</subfield>
    <subfield code="w">2018-07-07</subfield>
    <subfield code="y">BK</subfield>
  </datafield>
  <datafield tag="952" ind1=" " ind2=" ">
    <subfield code="0">0</subfield>
    <subfield code="1">0</subfield>
    <subfield code="2">ddc</subfield>
    <subfield code="4">0</subfield>
    <subfield code="7">0</subfield>
    <subfield code="8">FE</subfield>
    <subfield code="a">FE</subfield>
    <subfield code="b">FE</subfield>
    <subfield code="c">TXT</subfield>
    <subfield code="d">2018-07-07</subfield>
    <subfield code="i">SGTU</subfield>
    <subfield code="o">Y10G</subfield>
    <subfield code="p">ED3959</subfield>
    <subfield code="r">2018-07-07 00:00:00</subfield>
    <subfield code="w">2018-07-07</subfield>
    <subfield code="y">BK</subfield>
  </datafield>
  <datafield tag="952" ind1=" " ind2=" ">
    <subfield code="0">0</subfield>
    <subfield code="1">0</subfield>
    <subfield code="2">ddc</subfield>
    <subfield code="4">0</subfield>
    <subfield code="7">0</subfield>
    <subfield code="8">FE</subfield>
    <subfield code="a">FE</subfield>
    <subfield code="b">FE</subfield>
    <subfield code="c">TXT</subfield>
    <subfield code="d">2018-07-07</subfield>
    <subfield code="i">SGTU</subfield>
    <subfield code="l">1</subfield>
    <subfield code="o">Y10G</subfield>
    <subfield code="p">ED3960</subfield>
    <subfield code="r">2020-11-03 00:00:00</subfield>
    <subfield code="s">2020-10-22</subfield>
    <subfield code="w">2018-07-07</subfield>
    <subfield code="y">BK</subfield>
  </datafield>
  <datafield tag="999" ind1=" " ind2=" ">
    <subfield code="c">15632</subfield>
    <subfield code="d">15632</subfield>
  </datafield>
</record>
